01686nam a2200457 i 450000100060000000300080000600500170001400600190003100700150005000800410006502000360010602000180014203500220016004000310018205000210021308000080023408200150024224501060025726400390036330000410040233600310044333700330047433800430050749000360055050400420058658800830062859001620071165000140087365000150088765000160090265000380091865000310095665000330098765500270102070000270104770000190107479700180109383000370111185600630114899900170121147784FlNmELB20241216231907.0m o u cr cn|||||||||190725s2014 sp ob 000 0 spa d a9788416169542q(electronic bk.) z9788497422253 a(OCoLC)1121491217 aFINmELBbspaerdacFINmELB14aBL535b.432 2014 a29104a291.2322300aInfierno y paraíso :bel más allá en las tres culturas /cJacinto Choza y Witold Wolny, (eds.). 1aMadrid :bBiblioteca Nueva,c2014. a1 recurso en línea (158 páginas) atextobtxt2rdacontent/spa acomputadorabc2rdamedia/spa arecurso en líneabcr2rdacarrier/spa1 aTaxila / Biblioteca Nueva ;v13 aIncluye referencias bibliográficas. aDescripción basada en metadatos suministrados por el editor y otras fuentes. aRecurso electrónico. Santa Fe, Arg.: elibro, 2019. Disponible vía World Wide Web. El acceso puede estar limitado para las bibliotecas afiliadas a elibro. 4aInfierno. 4aParaíso. 4aReligiones. 0aFuture lifexComparative studies. 0aHellxComparative studies. 0aHeavenxComparative studies. 4aLibros electrónicos.1 aChoza, Jacinto,d1944-1 aWolny, Witold.2 aelibro, Corp. 0aTaxila / Biblioteca Nueva ;v13.40uhttps://elibro.net/ereader/politecnicointernacional/105942 c47784d47784